Superheroes by Picture - Statistics

General Stats
  • This quiz has been taken 90 times
  • The average score is 12 of 12
Answer Stats
Picture Answer % Correct
Spiderman
100%
Batman
99%
Captain America
99%
Hulk
99%
Iron Man
99%
Superman
99%
Wonder Woman
99%
Flash
97%
Thor
97%
Deadpool
96%
Groot
91%
Venom
87%
No matching quizzes found
Score Distribution
Percent of People with Each Score
Percentile by Number Answered
Your Score History
You have not taken this quiz